| 000 | 01200nam a22002057a 4500 | ||
|---|---|---|---|
| 999 |
_c63221 _d63221 |
||
| 003 | Ge_BSU | ||
| 005 | 20250701145956.0 | ||
| 008 | 250701s1970 ge ||||| |||| 00| 0 geo d | ||
| 041 | _ageo | ||
| 080 | _a331.103.3 ხ-94 | ||
| 100 |
_aხურციძე, ნიჟა, _925585 |
||
| 245 |
_aშრომისა და საზოგადოებრივი საკუთრებისადმი კომუნისტური დამოკიდებულების აღზრდის შესახებ / _c ნიჟა ხურციძე. |
||
| 264 |
_aთბილისი : _b საქ. კპ ცკ-ის გამ-ბა, _c1970. |
||
| 300 |
_a115 გვ. ; _b20 სმ. |
||
| 653 | _aიდეოლოგიური მუშაობის საკითხები | ||
| 653 | _aშრომისადმი კომუნისტური დამოკიდებულების აღზრდა. | ||
| 653 | _aსაზოგადოებრივი საკუთრებისადმი კომუნისტური | ||
| 653 | _aდამოკიდებულების აღზრდა. | ||
| 942 |
_2udc _cBK |
||